000 00985cam a22003257a 4500
003 CHAP
005 20220329135718.0
008 971013s1981 r 00010 d
010 _a40979
011 _a41951
035 _a46077
040 _cCHAP
082 _a631.8
_bF6
100 0 0 _aFollet, Roy H.
_942025
245 0 _aFertilizers and soil amendments
260 _aEnglewood Cliffs, N.J. :
_bPrentice Hall,
_c1981
300 _a556 p.
_b: ilus.
590 _aBATCH-UPD
_b10
_c20130110
_lUCH01
_h1713
590 _aBATCH-UPD
_b10
_c20130410
_lUCH01
_h1058
590 _aBATCH-UPD
_b10
_c20130914
_lUCH01
_h1358
590 _aCONVERSION
_b10
_c20130109
_lUCH01
_h1323
650 1 4 _aFertilizantes.
_940447
650 1 4 _aPlantas
_xNutrición.
_988874
650 1 4 _aSuelos
_xMejoramiento.
_9110431
700 0 _aDonahue, Roy L.
_933939
700 0 _aMurphy, Larry S.
_979805
901 _aBK
942 _cLIBRO
949 _a631.8 F6
_bBC
_cLIBRO
_d33724000170817
_eLIBRO
_h55804
_i46077
_si
999 _c40979
_d40979